[Event "Jersey int."]
[Site "St Clement Bay JCI"]
[Date "2026.02.23"]
[Round "1"]
[White "Strade, Arita"]
[Black "Golubka, Petro"]
[Result "0-1"]
[WhiteElo "1938"]
[BlackElo "2345"]
[WhiteFideId "-1"]
[BlackFideId "-1"]
[PlyCount "48"]
[GameId "2283337445465336"]
[EventDate "2026.02.23"]
[EventType "swiss"]
[EventRounds "7"]
[EventCountry "GCI"]
[SourceTitle "Mega2026 Update 18"]
[Source "Chessbase"]
[SourceDate "2026.03.06"]
[SourceVersion "1"]
[SourceVersionDate "2026.03.06"]
[SourceQuality "1"]

1. e4 c5 2. c3 Qa5 3. Nf3 d6 4. Na3 Nf6 5. Nc4 Qc7 6. d3 g6 7. Be2 Bg7 8. Bg5 O-O 9. O-O Nc6 10. Rc1 b5 11. Ne3 e6 12. b4 a6 13. Qc2 h6 14. Bh4 Nh5 15. Nd2 Nf4 16. Nb3 Bxc3 17. bxc5 dxc5 18. Bg3 Nd4 19. Bxf4 Qxf4 20. Qd1 Bb4 21. g3 Qd6 22. f4 Nxb3 23. Qxb3 Qd4 24. Rf3 Bd2 0-1

[Event "Jersey int."]
[Site "St Clement Bay JCI"]
[Date "2026.02.24"]
[Round "2"]
[White "Golubka, Petro"]
[Black "Houska, Jovanka"]
[Result "1-0"]
[WhiteElo "2345"]
[BlackElo "2314"]
[WhiteFideId "-1"]
[BlackFideId "-1"]
[PlyCount "77"]
[GameId "2283337445469438"]
[EventDate "2026.02.23"]
[EventType "swiss"]
[EventRounds "7"]
[EventCountry "GCI"]
[SourceTitle "Mega2026 Update 18"]
[Source "Chessbase"]
[SourceDate "2026.03.06"]
[SourceVersion "1"]
[SourceVersionDate "2026.03.06"]
[SourceQuality "1"]

1. e4 c6 2. d4 d5 3. e5 Bf5 4. Nd2 e6 5. Nb3 Nd7 6. Be3 Rc8 7. c3 a6 8. f4 c5 9. dxc5 Bxc5 10. Nxc5 Nxc5 11. Nf3 Ne7 12. Be2 O-O 13. O-O Bg6 14. Nd4 Nf5 15. Nxf5 Bxf5 16. Bd4 Be4 17. Qd2 Qe7 18. Qe3 b5 19. b3 Rc7 20. h3 Rfc8 21. Kh2 f5 22. exf6 gxf6 23. c4 bxc4 24. bxc4 Qg7 25. Bg4 h5 26. Bf3 Qg6 27. cxd5 exd5 28. f5 Qg7 29. Rg1 Qg5 30. Qxg5+ fxg5 31. Bxh5 Bxf5 32. Rgf1 Be6 33. Rf6 Bf7 34. Bg4 Nd7 35. Rh6 Kf8 36. Rf1 Re8 37. Bxd7 Rxd7 38. Rh8+ Ke7 39. Re1+ 1-0

[Event "Jersey int."]
[Site "St Clement Bay JCI"]
[Date "2026.02.24"]
[Round "3"]
[White "Gourlay, Iain"]
[Black "Golubka, Petro"]
[Result "0-1"]
[WhiteElo "2289"]
[BlackElo "2345"]
[WhiteFideId "-1"]
[BlackFideId "-1"]
[PlyCount "146"]
[GameId "2283337445469444"]
[EventDate "2026.02.23"]
[EventType "swiss"]
[EventRounds "7"]
[EventCountry "GCI"]
[SourceTitle "Mega2026 Update 18"]
[Source "Chessbase"]
[SourceDate "2026.03.06"]
[SourceVersion "1"]
[SourceVersionDate "2026.03.06"]
[SourceQuality "1"]

1. Nf3 e6 2. g3 d5 3. Bg2 Be7 4. c4 Nf6 5. O-O O-O 6. d3 c5 7. cxd5 exd5 8. d4 Nc6 9. dxc5 Bxc5 10. Bg5 d4 11. Nbd2 Re8 12. Rc1 Bb6 13. Nb3 h6 14. Bxf6 Qxf6 15. Qd2 d3 16. Qxd3 Qxb2 17. e3 Qxa2 18. Ra1 Bf5 19. Qxf5 Qxb3 20. Rfb1 Qc3 21. Rc1 Qb4 22. Rab1 Qa5 23. Rb5 Qa3 24. Rd1 Rad8 25. Rbd5 Rxd5 26. Rxd5 Bxe3 27. Rd7 Ne7 28. Qe4 Bc5 29. Rxb7 Qa2 30. Qe1 a5 31. Nd2 Rd8 32. Ne4 Bb4 33. Qc1 Qe6 34. h4 Qe5 35. Qc7 Qxc7 36. Rxc7 Nd5 37. Ra7 Nb6 38. Rb7 Nc4 39. Bf1 Ne5 40. f4 Ng4 41. Be2 f5 42. Bxg4 fxg4 43. Kf2 Rd3 44. Rb8+ Kf7 45. Rb7+ Ke6 46. Rb5 Rd5 47. Rb6+ Rd6 48. Rb5 Rd7 49. f5+ Kf7 50. Ke3 Ra7 51. Kf4 Be7 52. Kxg4 a4 53. Nc3 a3 54. Na2 Rc7 55. Rb1 Rc2 56. Nc1 a2 57. Ra1 Bf6 58. Rxa2 Rxc1 59. Ra3 Be5 60. Kh5 Rc3 61. Ra7+ Ke8 62. g4 Rh3 63. Ra8+ Kd7 64. Ra7+ Kc6 65. Ra6+ Kb7 66. Rg6 Bf6 67. Rxf6 gxf6 68. Kxh6 Rxh4+ 69. Kg6 Rxg4+ 70. Kxf6 Kc6 71. Ke7 Re4+ 72. Kf7 Kd7 73. f6 Rf4 0-1

[Event "Jersey int."]
[Site "St Clement Bay JCI"]
[Date "2026.02.25"]
[Round "4"]
[White "Golubka, Petro"]
[Black "Arkell, Keith C"]
[Result "1/2-1/2"]
[WhiteElo "2345"]
[BlackElo "2367"]
[WhiteFideId "-1"]
[BlackFideId "-1"]
[PlyCount "29"]
[GameId "2283337445473546"]
[EventDate "2026.02.23"]
[EventType "swiss"]
[EventRounds "7"]
[EventCountry "GCI"]
[SourceTitle "Mega2026 Update 18"]
[Source "Chessbase"]
[SourceDate "2026.03.06"]
[SourceVersion "1"]
[SourceVersionDate "2026.03.06"]
[SourceQuality "1"]

1. d4 d5 2. c4 c6 3. Nc3 Nf6 4. e3 g6 5. Nf3 Bg7 6. Bd3 O-O 7. O-O Bg4 8. h3 Bxf3 9. Qxf3 e6 10. Rd1 Nbd7 11. b4 a6 12. a4 Qc7 13. Bd2 dxc4 14. Bxc4 e5 15. a5 1/2-1/2

[Event "Jersey int."]
[Site "St Clement Bay JCI"]
[Date "2026.02.26"]
[Round "5"]
[White "Toma, Katarzyna"]
[Black "Golubka, Petro"]
[Result "1/2-1/2"]
[WhiteElo "2201"]
[BlackElo "2345"]
[WhiteFideId "-1"]
[BlackFideId "-1"]
[PlyCount "54"]
[GameId "2283337445473553"]
[EventDate "2026.02.23"]
[EventType "swiss"]
[EventRounds "7"]
[EventCountry "GCI"]
[SourceTitle "Mega2026 Update 18"]
[Source "Chessbase"]
[SourceDate "2026.03.06"]
[SourceVersion "1"]
[SourceVersionDate "2026.03.06"]
[SourceQuality "1"]

1. e4 c5 2. Nf3 d6 3. d4 cxd4 4. Nxd4 Nf6 5. Nc3 a6 6. g3 e6 7. Bg2 Be7 8. a4 O-O 9. O-O Nc6 10. Nb3 Nd7 11. Be3 b6 12. Nd2 Na5 13. Ne2 Bb7 14. c4 Rc8 15. Rc1 Ne5 16. b3 Nd3 17. Rb1 Nb4 18. Nd4 Re8 19. Qg4 Nac6 20. f4 Bf6 21. N2f3 Nxd4 22. Nxd4 Qc7 23. Rbd1 Kh8 24. Rd2 Rcd8 25. Qe2 Ba8 26. Qf2 Rb8 27. g4 Nc6 1/2-1/2

[Event "Jersey int."]
[Site "St Clement Bay JCI"]
[Date "2026.02.27"]
[Round "6"]
[White "Golubka, Petro"]
[Black "Wang, Hao3"]
[Result "0-1"]
[WhiteElo "2345"]
[BlackElo "2418"]
[WhiteFideId "-1"]
[BlackFideId "-1"]
[PlyCount "76"]
[GameId "2283337445477655"]
[EventDate "2026.02.23"]
[EventType "swiss"]
[EventRounds "7"]
[EventCountry "GCI"]
[SourceTitle "Mega2026 Update 18"]
[Source "Chessbase"]
[SourceDate "2026.03.06"]
[SourceVersion "1"]
[SourceVersionDate "2026.03.06"]
[SourceQuality "1"]

1. e4 e5 2. Nf3 Nc6 3. Bc4 Bc5 4. d3 Nf6 5. Nc3 h6 6. h3 a6 7. a4 d6 8. Be3 O-O 9. O-O Bb4 10. Nd5 Nxd5 11. Bxd5 Ne7 12. Bc4 c6 13. c3 Ba5 14. b4 Bc7 15. Bb3 d5 16. Re1 Ng6 17. Bc5 Re8 18. a5 f5 19. exd5 cxd5 20. c4 d4 21. Bb6 Bd7 22. c5+ Kf8 23. Bd5 Bc6 24. Bxc6 bxc6 25. g3 Rc8 26. Nd2 Qf6 27. Nc4 Kg8 28. Bxc7 Rxc7 29. Qf3 f4 30. Ra2 fxg3 31. Qxf6 gxf6 32. fxg3 Ne7 33. Nb6 Kf7 34. Rf2 Ke6 35. Ref1 Rf8 36. Kg2 Rb7 37. Re1 h5 38. Nc4 Rg8 0-1

[Event "Jersey int."]
[Site "St Clement Bay JCI"]
[Date "2026.02.28"]
[Round "7"]
[White "Hill, Alistair"]
[Black "Golubka, Petro"]
[Result "1/2-1/2"]
[WhiteElo "2137"]
[BlackElo "2345"]
[WhiteFideId "-1"]
[BlackFideId "-1"]
[PlyCount "50"]
[GameId "2283337445477662"]
[EventDate "2026.02.23"]
[EventType "swiss"]
[EventRounds "7"]
[EventCountry "GCI"]
[SourceTitle "Mega2026 Update 18"]
[Source "Chessbase"]
[SourceDate "2026.03.06"]
[SourceVersion "1"]
[SourceVersionDate "2026.03.06"]
[SourceQuality "1"]

1. Nf3 Nf6 2. c4 c6 3. e3 g6 4. d4 Bg7 5. Be2 O-O 6. O-O d6 7. Nc3 Nbd7 8. b4 e5 9. Bb2 Re8 10. Qc2 Nf8 11. dxe5 dxe5 12. Rfd1 Qe7 13. a3 Bf5 14. Qb3 b6 15. Rd2 Ne4 16. Nxe4 Bxe4 17. Rad1 c5 18. Ne1 h5 19. Bf3 Bxf3 20. Nxf3 e4 21. Ne1 Bxb2 22. Qxb2 Rad8 23. Rd5 Rxd5 24. cxd5 Nd7 25. Qc2 Nf6 1/2-1/2

[Event "Isle of Wight op"]
[Site "Ryde ENG"]
[Date "2026.02.16"]
[Round "1"]
[White "Golubka, Petro"]
[Black "Vaddadi, Seshagiri"]
[Result "1-0"]
[WhiteElo "2345"]
[BlackElo "1990"]
[WhiteFideId "-1"]
[BlackFideId "-1"]
[PlyCount "71"]
[GameId "2278348458857165"]
[EventDate "2026.02.16"]
[EventType "swiss"]
[EventRounds "9"]
[EventCountry "ENG"]
[SourceTitle "Mega2026 Update 17"]
[Source "Chessbase"]
[SourceDate "2026.02.28"]
[SourceVersion "1"]
[SourceVersionDate "2026.02.28"]
[SourceQuality "1"]

1. e4 c5 2. Nf3 Nc6 3. d4 cxd4 4. Nxd4 Nf6 5. Nc3 e6 6. a3 a6 7. f4 d5 8. e5 Nd7 9. Be3 Be7 10. Qd2 Nb6 11. b3 Bd7 12. Bd3 Rc8 13. Nce2 O-O 14. O-O f6 15. Nxc6 bxc6 16. Bxa6 Ra8 17. Bd3 c5 18. exf6 Rxf6 19. c4 Bc6 20. f5 e5 21. cxd5 Qxd5 22. Nc3 Qf7 23. Ne4 Rd8 24. Nxf6+ Qxf6 25. Qc2 Nd5 26. Bxc5 Bxc5+ 27. Qxc5 Nf4 28. Bc4+ Kh8 29. Rad1 Rc8 30. Rxf4 exf4 31. Be6 Qg5 32. Qf2 Re8 33. h4 Qh5 34. Rd6 Be4 35. Qxf4 Qe2 36. Qd2 1-0

[Event "Isle of Wight op"]
[Site "Ryde ENG"]
[Date "2026.02.17"]
[Round "2"]
[White "Kiss, Lajos"]
[Black "Golubka, Petro"]
[Result "1/2-1/2"]
[WhiteElo "2166"]
[BlackElo "2345"]
[WhiteFideId "-1"]
[BlackFideId "-1"]
[PlyCount "117"]
[GameId "2280863466352058"]
[EventDate "2026.02.16"]
[EventType "swiss"]
[EventRounds "9"]
[EventCountry "ENG"]
[SourceTitle "Mega2026 Update 17"]
[Source "Chessbase"]
[SourceDate "2026.02.28"]
[SourceVersion "1"]
[SourceVersionDate "2026.02.28"]
[SourceQuality "1"]

1. d4 Nf6 2. c4 g6 3. Nc3 Bg7 4. e4 O-O 5. Nf3 d6 6. Be2 Bg4 7. Be3 $1 {7.Be3 is better than 7.0-0. 7.Le3 ist besser als 7.0-0.} Bxf3 8. Bxf3 e5 9. d5 Nfd7 10. h4 f5 11. h5 f4 12. Bd2 g5 13. Bg4 a5 $146 (13... Nc5 14. Qc2 a5 15. Rb1 c6 16. b3 cxd5 17. cxd5 Nbd7 18. a3 Qc7 19. h6 Bf6 {1-0 Stanec,N (2490)-Kaminik,A (2255) Graz op 1996}) 14. Qc2 Na6 15. a3 Nac5 16. b3 Nb6 17. Rb1 a4 18. Nxa4 Nbxa4 19. bxa4 Rxa4 20. Bb4 Ra7 21. Rh3 b6 22. Bxc5 dxc5 23. a4 Qd6 24. Ra3 Rfa8 25. Rb5 Bf8 26. Qd1 Qf6 27. Bd7 Ra5 28. Rxa5 Rxa5 29. Bc6 Bd6 30. Qg4 h6 31. Ke2 Qf7 32. Rh3 Kg7 33. Qc8 Qf8 34. Qe6 Qf7 35. Qg4 Qf6 36. Rh1 Kf8 37. Kf3 Kg7 38. Re1 Qf7 39. Re2 Ra7 40. Re1 Ra5 41. Rh1 Ra7 42. Qc8 Qf8 43. Qg4 Qf7 44. Rh3 Qf8 45. Qe6 Qf7 46. Qc8 Qf8 47. Qd7+ Qf7 48. Qc8 Qf8 49. Qxf8+ Bxf8 50. Kg4 Kf6 51. Rh1 Bd6 52. g3 Ra5 53. Re1 Ra7 54. Rd1 Ra5 55. Rb1 Ra7 56. Kf3 Ra5 57. Kg4 Ra7 58. Rb3 Ra5 59. Rb1 1/2-1/2

[Event "Isle of Wight op"]
[Site "Ryde ENG"]
[Date "2026.02.17"]
[Round "3"]
[White "Golubka, Petro"]
[Black "Fellowes, Billy"]
[Result "1-0"]
[WhiteElo "2345"]
[BlackElo "2184"]
[WhiteFideId "-1"]
[BlackFideId "-1"]
[PlyCount "81"]
[GameId "2280863466368494"]
[EventDate "2026.02.16"]
[EventType "swiss"]
[EventRounds "9"]
[EventCountry "ENG"]
[SourceTitle "Mega2026 Update 17"]
[Source "Chessbase"]
[SourceDate "2026.02.28"]
[SourceVersion "1"]
[SourceVersionDate "2026.02.28"]
[SourceQuality "1"]

1. d4 d6 2. e4 Nf6 3. Bd3 e5 4. d5 g6 5. c4 Bg7 6. Nc3 O-O {6...0-0 has lost popularity. 6...0-0 hat an Beliebtheit verloren.} 7. Bg5 h6 8. Bh4 a5 9. f3 Na6 10. Nge2 Nc5 11. Bc2 Bd7 12. b3 g5 $146 (12... Qe8 13. a3 Nh5 14. b4 Na6 15. Rb1 f5 16. Bf2 axb4 17. axb4 Qf7 18. O-O f4 {0-1 Fischer,E (2086)-Stein,I (2066) Regionalliga NO 0304 Bayern 2003 (7.3)}) 13. Bf2 Nh5 14. O-O Nf4 15. a3 g4 16. Kh1 Qg5 17. Ng3 h5 18. Nf5 Nxg2 19. Nxg7 Kxg7 20. Bxc5 dxc5 21. Kxg2 gxf3+ 22. Kf2 Ra6 23. Rg1 Bg4 24. h3 Rh8 25. Qe1 Rg6 26. Qe3 Qh4+ 27. Rg3 Bxh3 28. Qxf3 Bg4 29. Rh1 Qe7 30. Qe3 Rhh6 31. Bd1 Bxd1 32. Nxd1 h4 33. Rxg6+ fxg6 34. Ke2 a4 35. bxa4 g5 36. Nf2 Rb6 37. Rg1 Kg6 38. Kd2 Kh6 39. Kc2 Rg6 40. Ng4+ Kh7 41. Qf3 1-0

[Event "Isle of Wight op"]
[Site "Ryde ENG"]
[Date "2026.02.18"]
[Round "4"]
[White "Jones, Gawain C B"]
[Black "Golubka, Petro"]
[Result "1-0"]
[WhiteElo "2645"]
[BlackElo "2345"]
[WhiteFideId "-1"]
[BlackFideId "-1"]
[PlyCount "75"]
[GameId "2280863466384921"]
[EventDate "2026.02.16"]
[EventType "swiss"]
[EventRounds "9"]
[EventCountry "ENG"]
[SourceTitle "Mega2026 Update 17"]
[Source "Chessbase"]
[SourceDate "2026.02.28"]
[SourceVersion "1"]
[SourceVersionDate "2026.02.28"]
[SourceQuality "1"]

1. c4 c5 2. Nf3 Nf6 3. Nc3 Nc6 4. g3 g6 5. Bg2 Bg7 6. d4 cxd4 7. Nxd4 h5 {The modern move. Der moderne Zug.} 8. h3 Nxd4 9. Qxd4 O-O 10. c5 d6 11. cxd6 Qxd6 $146 (11... Ne8 12. Qc5 Nxd6 13. O-O Be6 14. Bg5 Re8 15. Rac1 Qb6 16. Qxb6 axb6 17. Rfd1 Kf8 {½-½ Artemiev,V (2637)-Vachier Lagrave,M (2740) FIDE World Cup Goa 2025 (3.1)}) 12. Qxd6 exd6 13. Bf4 d5 14. Nxd5 Nxd5 15. Bxd5 Bf5 16. Bxb7 Rad8 17. e4 Be6 18. Rc1 Bxa2 19. b4 Be6 20. b5 f5 21. O-O fxe4 22. h4 Bf5 23. Rfe1 Rf7 24. Bxe4 Bxe4 25. Rxe4 Rd5 26. Rc6 Kh7 27. Ree6 Rxb5 28. Rxg6 a5 29. Ra6 Bd4 30. Rgd6 Bg7 31. Be3 Bf8 32. Rd8 Bb4 33. Rh6+ Kg7 34. Rdh8 Rff5 35. Bd4+ Kf7 36. R8h7+ Ke8 37. Re6+ Kf8 38. Ra6 1-0

[Event "Isle of Wight op"]
[Site "Ryde ENG"]
[Date "2026.02.19"]
[Round "5"]
[White "Golubka, Petro"]
[Black "Li, Harry"]
[Result "1-0"]
[WhiteElo "2345"]
[BlackElo "2181"]
[WhiteFideId "-1"]
[BlackFideId "-1"]
[PlyCount "71"]
[GameId "2280863466409562"]
[EventDate "2026.02.16"]
[EventType "swiss"]
[EventRounds "9"]
[EventCountry "ENG"]
[SourceTitle "Mega2026 Update 17"]
[Source "Chessbase"]
[SourceDate "2026.02.28"]
[SourceVersion "1"]
[SourceVersionDate "2026.02.28"]
[SourceQuality "1"]

1. e4 e5 2. Nf3 Nc6 3. Bb5 a6 4. Ba4 Nf6 5. d3 b5 6. Bb3 Bc5 7. O-O d6 8. c3 h6 9. Nbd2 O-O 10. a3 Bb6 11. Bc2 Ne7 12. d4 Ng6 13. Re1 c5 14. dxe5 dxe5 15. c4 Qc7 16. g3 Bd7 17. Qe2 Bc6 18. a4 b4 19. b3 Qb7 20. Bb2 Bc7 21. Nf1 Rad8 22. N3d2 Rfe8 23. f3 Nf8 24. Ne3 Ne6 25. Nd5 Bxd5 26. cxd5 Nd4 27. Bxd4 exd4 28. Qf1 Ra8 29. Bd3 Nd7 30. f4 Nf6 31. Rac1 Qa7 32. d6 Bd8 33. Qf3 Rc8 34. Kg2 Qb7 35. e5 Qxf3+ 36. Kxf3 1-0

[Event "Isle of Wight op"]
[Site "Ryde ENG"]
[Date "2026.02.19"]
[Round "6"]
[White "Dickenson, Neil F"]
[Black "Golubka, Petro"]
[Result "1/2-1/2"]
[WhiteElo "2261"]
[BlackElo "2345"]
[WhiteFideId "-1"]
[BlackFideId "-1"]
[PlyCount "87"]
[GameId "2280863466425994"]
[EventDate "2026.02.16"]
[EventType "swiss"]
[EventRounds "9"]
[EventCountry "ENG"]
[SourceTitle "Mega2026 Update 17"]
[Source "Chessbase"]
[SourceDate "2026.02.28"]
[SourceVersion "1"]
[SourceVersionDate "2026.02.28"]
[SourceQuality "1"]

1. d4 c6 2. e4 d5 3. e5 Bf5 4. Ne2 e6 5. Ng3 Bg6 6. h4 h6 7. h5 Bh7 8. Bd3 Bxd3 9. cxd3 Qb6 10. Be3 Qxb2 11. Nd2 Qa3 12. Nb3 Bb4+ 13. Kf1 Qa6 14. Rh4 Nd7 15. Rg4 Rh7 16. Kg1 Ba3 17. Rb1 b6 18. Na1 f5 19. Rg6 Nf8 20. Qc2 Ne7 21. Nxf5 exf5 22. Rxc6 Rd8 23. Rc3 Ne6 24. Rbb3 Bc5 25. dxc5 d4 26. Ra3 Qb7 27. Rcb3 dxe3 28. fxe3 Rc8 29. d4 g6 30. Qc4 Qd5 31. Qb5+ Kf7 32. Rxa7 gxh5 33. Qd7 Qxd7 34. Rxd7 bxc5 35. Rbb7 Ke8 36. d5 Nf8 37. e6 Ra8 38. Rdc7 Rd8 39. Nb3 Rxd5 40. Nxc5 h4 41. Nd7 Nxd7 42. exd7+ Kd8 43. Rc8+ Nxc8 44. dxc8=Q+ 1/2-1/2

[Event "Isle of Wight op"]
[Site "Ryde ENG"]
[Date "2026.02.20"]
[Round "7"]
[White "Golubka, Petro"]
[Black "Hanache, Kai"]
[Result "1-0"]
[WhiteElo "2345"]
[BlackElo "2234"]
[WhiteFideId "-1"]
[BlackFideId "-1"]
[PlyCount "97"]
[GameId "2280863466442431"]
[EventDate "2026.02.16"]
[EventType "swiss"]
[EventRounds "9"]
[EventCountry "ENG"]
[SourceTitle "Mega2026 Update 17"]
[Source "Chessbase"]
[SourceDate "2026.02.28"]
[SourceVersion "1"]
[SourceVersionDate "2026.02.28"]
[SourceQuality "1"]

1. e4 c5 2. Nf3 Nc6 3. d4 cxd4 4. Nxd4 Nf6 5. Nc3 e5 6. Ndb5 d6 7. Nd5 Nxd5 8. exd5 Ne7 9. c4 Ng6 10. h4 a6 {was the old line (10...h5). war die alte Variante (10...h5).} 11. h5 Nh4 12. Nc3 Be7 13. g3 Nf5 14. Bd3 h6 $146 (14... Nd4 15. Be3 f5 16. Bxd4 exd4 17. Ne2 O-O 18. Qc2 Qa5+ 19. Kf1 b5 20. cxb5 Kh8 21. Nxd4 {1-0 Lemes Rosales,L (2179)-Salgado Segui,R (2176) Havana UCI op 8th 2009 (3)}) 15. Ne4 O-O 16. O-O Nd4 17. Be3 Bh3 18. Re1 f5 19. Nd2 Bg4 20. f3 Bxh5 21. Bxd4 exd4 22. Qb3 Bg5 23. f4 Bxf4 24. gxf4 Qh4 25. Bf1 Qxf4 26. Qd3 Rae8 27. Re6 Rxe6 28. dxe6 Re8 29. Bg2 g5 30. Re1 Qh4 31. Rf1 Bg6 32. Nf3 Qg3 33. Qxd4 Rxe6 34. Qd5 Bf7 35. Qxf5 Re2 36. Nh4 Qe3+ 37. Kh1 Qe6 38. Bd5 Qxf5 39. Nxf5 Bxd5+ 40. cxd5 Rxb2 41. Nxd6 Rd2 42. Ne8 b5 43. d6 b4 44. d7 a5 45. Rf5 Rd1+ 46. Kg2 Rd2+ 47. Kg3 h5 48. Rd5 h4+ 49. Kg4 1-0

[Event "Isle of Wight op"]
[Site "Ryde ENG"]
[Date "2026.02.21"]
[Round "8"]
[White "Beerdsen, Thomas"]
[Black "Golubka, Petro"]
[Result "1/2-1/2"]
[WhiteElo "2525"]
[BlackElo "2345"]
[WhiteFideId "-1"]
[BlackFideId "-1"]
[PlyCount "126"]
[GameId "2280863466454762"]
[EventDate "2026.02.16"]
[EventType "swiss"]
[EventRounds "9"]
[EventCountry "ENG"]
[SourceTitle "Mega2026 Update 17"]
[Source "Chessbase"]
[SourceDate "2026.02.28"]
[SourceVersion "1"]
[SourceVersionDate "2026.02.28"]
[SourceQuality "1"]

1. e4 c5 2. Nf3 d6 3. d4 cxd4 4. Nxd4 Nf6 5. Nc3 Nc6 6. Bg5 e6 7. Qd2 a6 8. O-O-O Bd7 9. Nxc6 {9.Kb1 is a critical line. 9.Kb1 ist die kritische Fortsetzung.} Bxc6 10. f3 Be7 11. Kb1 h6 12. Be3 d5 13. e5 Nd7 14. f4 Qa5 15. Bd4 h5 $146 (15... O-O-O 16. Qe3 Bc5 17. Be2 Kb8 18. Bf3 Rc8 19. h4 Bxd4 20. Rxd4 Nb6 21. Be2 Qc5 {½-½ Nasuta,G (2552)-Degardin,S (2235) Karlsruhe Grenke op 2024 (2)}) 16. f5 O-O-O 17. fxe6 fxe6 18. a3 Bc5 19. b4 Qb6 20. Ne2 h4 21. Qc3 Bxd4 22. Nxd4 Kb8 23. Bd3 Nxe5 24. Rhe1 Nxd3 25. Qxd3 Bd7 26. Qg6 a5 27. c3 Qc7 28. Nxe6 Bxe6 29. Qxe6 Qxc3 30. Qe5+ Qxe5 31. Rxe5 axb4 32. Rexd5 Rxd5 33. Rxd5 bxa3 34. Ka2 h3 35. Rg5 hxg2 36. Rxg2 Rh7 37. Kxa3 Kc7 38. Rg6 Kd8 39. Rb6 Rh3+ 40. Ka4 Rxh2 41. Rxb7 Rg2 42. Kb3 Ke8 43. Kc3 Kf8 44. Kd3 Rf2 45. Ke3 Rf6 46. Ke4 Kg8 47. Rb1 Kf7 48. Rg1 g6 49. Rg4 Kg7 50. Rf4 Ra6 51. Kf3 Rf6 52. Rxf6 Kxf6 53. Kf4 g5+ 54. Kg4 Kg6 55. Kg3 Kf5 56. Kf3 g4+ 57. Kg3 Kg5 58. Kg2 Kf4 59. Kf2 g3+ 60. Kg2 Kg4 61. Kg1 Kf3 62. Kf1 g2+ 63. Kg1 Kg3 1/2-1/2

[Event "Isle of Wight op"]
[Site "Ryde ENG"]
[Date "2026.02.22"]
[Round "9"]
[White "Golubka, Petro"]
[Black "Royal, Shreyas"]
[Result "1/2-1/2"]
[WhiteElo "2345"]
[BlackElo "2519"]
[WhiteFideId "-1"]
[BlackFideId "-1"]
[PlyCount "131"]
[GameId "2280863466475297"]
[EventDate "2026.02.16"]
[EventType "swiss"]
[EventRounds "9"]
[EventCountry "ENG"]
[SourceTitle "Mega2026 Update 17"]
[Source "Chessbase"]
[SourceDate "2026.02.28"]
[SourceVersion "1"]
[SourceVersionDate "2026.02.28"]
[SourceQuality "1"]

1. e4 c5 2. Nf3 Nc6 3. d4 cxd4 4. Nxd4 Nf6 5. Nc3 e5 6. Ndb5 d6 7. Nd5 Nxd5 8. exd5 Ne7 9. c4 Ng6 10. Qa4 Bd7 11. Qb4 Qb8 12. h4 h5 13. Be3 Be7 14. c5 a5 15. Qa3 Bxb5 16. Bxb5+ Kf8 17. g3 dxc5 18. Bxc5 Bxc5 19. Qxc5+ Kg8 20. d6 Kh7 21. O-O Qc8 22. Qd5 Qg4 23. Kh2 f5 24. d7 Rhf8 25. Rae1 Nf4 26. Qh1 e4 27. gxf4 Qxf4+ 28. Kg1 Rf6 29. Re3 Qe5 30. a4 Raf8 31. Rg3 Rd6 32. b3 Rff6 33. Qg2 Qe7 34. Rg5 g6 35. Qh3 f4 36. Kh1 Rfe6 37. Bc4 Rf6 38. Rxa5 e3 39. Re1 Qe4+ 40. Kh2 Qd4 41. Rg5 Rxd7 42. fxe3 fxe3 43. Rxe3 Qd1 44. Rd3 Rxd3 45. Bxd3 Rd6 46. Bf1 Qe1 47. Qg3 Rd2+ 48. Bg2 Qe4 49. Rb5 b6 50. Qg5 Rc2 51. b4 Rb2 52. Qg3 Rc2 53. Qg5 Rb2 54. Rd5 Rxg2+ 55. Qxg2 Qxh4+ 56. Kg1 Qe1+ 57. Qf1 Qg3+ 58. Kh1 Qh4+ 59. Kg1 Qg3+ 60. Qg2 Qe1+ 61. Kh2 Qh4+ 62. Qh3 Qf2+ 63. Kh1 Qe1+ 64. Kg2 Qe2+ 65. Kg3 Qe3+ 66. Kg2 1/2-1/2

[Event "Gora Sw Anny 15th"]
[Site "Gora Sw Anny"]
[Date "2026.02.02"]
[Round "1"]
[White "Golubka, Petro"]
[Black "Piesik, Piotr"]
[Result "1/2-1/2"]
[WhiteElo "2374"]
[BlackElo "2404"]
[WhiteFideId "-1"]
[BlackFideId "-1"]
[PlyCount "63"]
[GameId "2273258596937986"]
[EventDate "2026.02.02"]
[EventType "tourn"]
[EventRounds "9"]
[EventCountry "POL"]
[SourceTitle "Mega2026 Update 15"]
[Source "Chessbase"]
[SourceDate "2026.02.13"]
[SourceVersion "1"]
[SourceVersionDate "2026.02.13"]
[SourceQuality "1"]

1. e4 c6 2. d4 d5 3. e5 Bf5 4. g4 Bd7 5. Be3 e6 6. h4 h5 7. gxh5 Nh6 8. Nc3 c5 9. Nf3 Nf5 10. dxc5 Nc6 11. Qd2 Nxe3 12. fxe3 Bxc5 13. Rg1 Rxh5 14. Rg5 Rxg5 15. hxg5 Qb6 16. Na4 Bxe3 17. Nxb6 Bxd2+ 18. Kxd2 axb6 19. Bd3 Ke7 20. Rh1 Nb4 21. a3 Nxd3 22. Kxd3 d4 23. Nxd4 Bc6 24. Rh7 g6 25. Ke3 Rd8 26. c4 Ra8 27. Rh2 Ra5 28. Nxc6+ bxc6 29. Ke4 Ra4 30. Rc2 Kd7 31. Rd2+ Ke7 32. Rc2 1/2-1/2

[Event "Gora Sw Anny 15th"]
[Site "Gora Sw Anny"]
[Date "2026.02.03"]
[Round "3"]
[White "Golubka, Petro"]
[Black "Przybylski, Bartosz1"]
[Result "1/2-1/2"]
[WhiteElo "2374"]
[BlackElo "2245"]
[WhiteFideId "-1"]
[BlackFideId "-1"]
[PlyCount "25"]
[GameId "2275754133272027"]
[EventDate "2026.02.02"]
[EventType "tourn"]
[EventRounds "9"]
[EventCountry "POL"]
[SourceTitle "Mega2026 Update 15"]
[Source "Chessbase"]
[SourceDate "2026.02.13"]
[SourceVersion "1"]
[SourceVersionDate "2026.02.13"]
[SourceQuality "1"]

1. e4 d6 2. d4 Nf6 3. f3 e5 4. d5 Be7 5. c4 c6 6. Be3 b5 7. dxc6 b4 8. Qa4 Qc7 9. a3 bxa3 10. Nxa3 Nxc6 11. Ne2 O-O 12. Nc3 Bd7 13. Nab5 1/2-1/2

[Event "Gora Sw Anny 15th"]
[Site "Gora Sw Anny"]
[Date "2026.02.04"]
[Round "4"]
[White "Khamrakulov, Ibragim S"]
[Black "Golubka, Petro"]
[Result "1/2-1/2"]
[WhiteElo "2366"]
[BlackElo "2374"]
[WhiteFideId "-1"]
[BlackFideId "-1"]
[PlyCount "31"]
[GameId "2275754133276131"]
[EventDate "2026.02.02"]
[EventType "tourn"]
[EventRounds "9"]
[EventCountry "POL"]
[SourceTitle "Mega2026 Update 15"]
[Source "Chessbase"]
[SourceDate "2026.02.13"]
[SourceVersion "1"]
[SourceVersionDate "2026.02.13"]
[SourceQuality "1"]

1. e4 e6 2. d4 d5 3. Nd2 h6 4. Ngf3 Nf6 5. Bd3 c5 6. exd5 exd5 7. O-O c4 8. Re1+ Be7 9. Be2 Nc6 10. c3 O-O 11. b3 cxb3 12. axb3 Re8 13. h3 Bd6 14. Bb5 Rxe1+ 15. Qxe1 Qb6 16. Bxc6 1/2-1/2